|
|
|
|
| LEADER |
00000nam0a2200000 4500 |
| 001 |
215551 |
| 005 |
20231101225957.0 |
| 035 |
|
|
|a (RuTPU)RU\TPU\book\235479
|
| 035 |
|
|
|a RU\TPU\book\212824
|
| 090 |
|
|
|a 215551
|
| 100 |
|
|
|a 20120514d2011 m y0rusy50 ca
|
| 101 |
0 |
|
|a rus
|
| 102 |
|
|
|a RU
|
| 105 |
|
|
|a a j 001zy
|
| 200 |
1 |
|
|a Обмоточные провода
|e учебное пособие для вузов
|f В. М. Аникеенко, А. В. Петров
|g Национальный исследовательский Томский политехнический университет (ТПУ)
|
| 210 |
|
|
|a Томск
|c Изд-во ТПУ
|d 2011
|
| 215 |
|
|
|a 162 с.
|c ил.
|
| 320 |
|
|
|a Библиогр.: с. 158-160.
|
| 330 |
|
|
|a В пособии рассмотрены проводниковые материалы, свойства лаков для обмоточных проводов с эмалевой стекловолокнистой изоляцией, волокнистые материалы, пластмассы и пленки для обмоточных проводов различного назначения. Дано описание технологических процессов обмотки жил полимерными пленками, нитями, процессов эмалирования, при этом приведена оригинальная методика расчета маршрута калибров для эмалирования проволоки, температуры провода в эмальпечи и степени запечки эмалевой изоляции.
|
| 606 |
1 |
|
|a Обмоточные провода
|2 stltpush
|3 (RuTPU)RU\TPU\subj\46415
|9 65555
|
| 610 |
1 |
|
|a токопроводящие жилы
|
| 610 |
1 |
|
|a проводниковые материалы
|
| 610 |
1 |
|
|a проволока
|
| 610 |
1 |
|
|a эмалирование
|
| 610 |
1 |
|
|a лаки
|
| 610 |
1 |
|
|a электроизоляционные материалы
|
| 610 |
1 |
|
|a классификация
|
| 610 |
1 |
|
|a эмалированные провода
|
| 610 |
1 |
|
|a изготовление
|
| 610 |
1 |
|
|a оборудование
|
| 610 |
1 |
|
|a технология
|
| 610 |
1 |
|
|a бумажная изоляция
|
| 610 |
1 |
|
|a пленочная изоляция
|
| 610 |
1 |
|
|a волокнистая изоляция
|
| 610 |
1 |
|
|a нагревостойкость
|
| 610 |
1 |
|
|a эмаль-провода
|
| 610 |
1 |
|
|a печи
|
| 610 |
1 |
|
|a температурный режим
|
| 610 |
1 |
|
|a расчет
|
| 610 |
1 |
|
|a методы испытания
|
| 610 |
1 |
|
|a учебные пособия
|
| 610 |
1 |
|
|a труды учёных ТПУ
|
| 675 |
|
|
|a 621.315.3(075.8)
|v 3
|
| 700 |
|
1 |
|a Аникеенко
|b В. М.
|c специалист в области электротехники
|c доцент Томского политехнического университета, кандидат технических наук
|f 1935-
|g Владимир Михайлович
|2 stltpush
|3 (RuTPU)RU\TPU\pers\25660
|
| 701 |
|
1 |
|a Петров
|b А. В.
|c специалист в области электротехники
|c доцент Томского политехнического университета, кандидат технических наук
|f 1939-
|g Александр Васильевич
|2 stltpush
|3 (RuTPU)RU\TPU\pers\27884
|
| 712 |
0 |
2 |
|a Национальный исследовательский Томский политехнический университет (ТПУ)
|c (2009- )
|2 stltpush
|3 (RuTPU)RU\TPU\col\15902
|
| 801 |
|
1 |
|a RU
|b 63413507
|c 20110503
|
| 801 |
|
2 |
|a RU
|b 63413507
|c 20120601
|g RCR
|
| 900 |
|
|
|a Обмоточные провода
|
| 942 |
|
|
|c BK
|
| 951 |
|
|
|b 140400
|